Electrochemical energy storage for renewable sources and grid balancing / (Record no. 170486)
[ view plain ]
| 000 -LEADER | |
|---|---|
| fixed length control field | 01049nam a22003251i 4500 |
| 001 - CONTROL NUMBER | |
| control field | 016912315 |
| 003 - CONTROL NUMBER IDENTIFIER | |
| control field | NUST |
| 005 - DATE AND TIME OF LATEST TRANSACTION | |
| control field | 20231010120149.0 |
| 008 - FIXED-LENGTH DATA ELEMENTS--GENERAL INFORMATION | |
| fixed length control field | 141008s2014 ne a 000|0|eng|d |
| 020 ## - INTERNATIONAL STANDARD BOOK NUMBER | |
| International Standard Book Number | 9780444626165 (hardcover) |
| Terms of availability | £110.00 |
| 020 ## - INTERNATIONAL STANDARD BOOK NUMBER | |
| Canceled/invalid ISBN | 9780444626103 (PDF ebook) : |
| 024 ## - OTHER STANDARD IDENTIFIER | |
| Terms of availability | USD 137 |
| 040 ## - CATALOGING SOURCE | |
| Original cataloging agency | NUST |
| Language of cataloging | eng |
| Transcribing agency | NUST |
| Modifying agency | NUST |
| Description conventions | rda |
| 050 ## - LIBRARY OF CONGRESS CALL NUMBER | |
| Classification number | TJ808 |
| Item number | MOS |
| 100 ## - MAIN ENTRY--PERSONAL NAME | |
| Relator term | Editor |
| Fuller form of name | Patrick T. Moseley |
| 245 00 - TITLE STATEMENT | |
| Title | Electrochemical energy storage for renewable sources and grid balancing / |
| Statement of responsibility, etc. | edited by Patrick T. Moseley |
| 260 ## - PUBLICATION, DISTRIBUTION, ETC. | |
| Place of publication, distribution, etc. | Amsterdam: |
| Name of publisher, distributor, etc. | Elsevier, |
| Date of publication, distribution, etc. | 2015. |
| 300 ## - PHYSICAL DESCRIPTION | |
| Extent | xvii, 473 pages: |
| Other physical details | illustrations; |
| Dimensions | 28 cm. |
| 336 ## - CONTENT TYPE | |
| Content type term | text |
| Source | rdacontent |
| 336 ## - CONTENT TYPE | |
| Content type term | text |
| Source | rdacontent |
| Content type code | txt |
| 337 ## - MEDIA TYPE | |
| Media type term | unmediated |
| Source | rdamedia |
| Media type code | n |
| 338 ## - CARRIER TYPE | |
| Carrier type term | volume |
| Source | rdamedia |
| Carrier type code | nc |
| 504 ## - BIBLIOGRAPHY, ETC. NOTE | |
| Bibliography, etc. note | Includes Index. |
| 650 #0 - SUBJECT ADDED ENTRY--TOPICAL TERM | |
| Topical term or geographic name entry element | Energy storage. |
| 650 #0 - SUBJECT ADDED ENTRY--TOPICAL TERM | |
| Topical term or geographic name entry element | Storage batteries. |
| 650 #0 - SUBJECT ADDED ENTRY--TOPICAL TERM | |
| Topical term or geographic name entry element | Renewable energy sources. |
| 700 1# - ADDED ENTRY--PERSONAL NAME | |
| Personal name | Moseley, Patrick T., |
| Relator term | editor. |
| 700 1# - ADDED ENTRY--PERSONAL NAME | |
| Personal name | Garche, Jürgen, |
| Relator term | editor. |
| 942 ## - ADDED ENTRY ELEMENTS (KOHA) | |
| Source of classification or shelving scheme | Library of Congress Classification |
| Koha item type | Ordinary Loan Books |
| Suppress in OPAC | No |
| Call number prefix | TJ |
| Call number suffix | MOS |
| Date last seen | Total Checkouts | Full call number | Barcode | Accession number | Cost, replacement price | Price effective from | Koha item type | Public note | Lost status | Source of classification or shelving scheme | Damaged status | Not for loan | Collection | Withdrawn status | Home library | Current library | Shelving location | Date acquired | Source of acquisition | Cost, normal purchase price |
|---|---|---|---|---|---|---|---|---|---|---|---|---|---|---|---|---|---|---|---|---|
| 05/23/2025 | TJ808 MOS | 92004053152 | 59797 | 139.00 | 05/23/2025 | BOOKS | Donation | LCC | NFIC | MAIN | MAIN | GEN | 05/23/2025 | Book Aid International | 139.00 | |||||
| 09/15/2023 | TJ808 MOS | 92004052242 | 59682 | 139.00 | 12/19/2022 | BOOKS | Donation | LCC | NFIC | Main | Main | GEN | 12/19/2022 | Book Aid International | 139.00 |